100 most valuable football players - Statistics

General Stats
  • This quiz has been taken 138 times
    3 since last reset
  • The average score is 67 of 100
Answer Stats
Value (€) Nationality Club Player % Correct
200M Norway Manchester City Erling Haaland
100%
140M England Real Madrid Jude Bellingham
100%
200M France Real Madrid Kylian Mbappé
100%
200M Spain Barcelona Lamine Yamal
100%
100M France Paris Saint-Germain Ousmane Dembélé
100%
150M Spain Barcelona Pedri
100%
65M Spain Manchester City Rodri
100%
150M Brazil Real Madrid Vinicius Junior
100%
80M Morocco Paris Saint-Germain Achraf Hakimi
67%
55M Spain Barcelona Alejandro Balde
67%
75M Germany Bayern Munich Aleksandar Pavlovic
67%
70M Italy Inter Milan Alessandro Bastoni
67%
100M Sweden Liverpool Alexander Isak
67%
80M Argentina Liverpool Alexis Mac Allister
67%
60M Spain Real Madrid Álvaro Carreras
67%
60M England Newcastle Anthony Gordon
67%
75M Ghana Manchester City Antoine Semenyo
67%
90M Turkey Real Madrid Arda Güler
67%
75M France Real Madrid Aurélien Tchouaméni
67%
65M Slovenia Manchester United Benjamin Šeško
67%
70M France Paris Saint-Germain Bradley Barcola
67%
75M Brazil Newcastle United Bruno Guimarães
67%
80M Cameroon Manchester United Bryan Mbeumo
67%
120M England Arsenal Bukayo Saka
67%
65M Netherlands Liverpool Cody Gakpo
67%
110M England Chelsea Cole Palmer
67%
60M Spain Barcelona Dani Olmo
67%
70M France Bayern Munich Dayot Upamecano
67%
65M Spain Real Madrid Dean Huijsen
67%
120M England Arsenal Declan Rice
67%
90M France Paris Saint-Germain Désiré Doué
67%
100M Hungary Liverpool Dominik Szoboszlai
67%
60M England Arsenal Eberechi Eze
67%
90M Argentina Chelsea Enzo Fernández
67%
80M Brazil Chelsea Estêvão
67%
120M Uruguay Real Madrid Federico Valverde
67%
100M Spain Barcelona Fermín López
67%
110M Germany Liverpool Florian Wirtz
67%
75M Brazil Arsenal Gabriel Magalhães
67%
65M England Bayern Munich Harry Kane
67%
90M France Liverpool Hugo Ekitiké
67%
120M Germany Bayern Munich Jamal Musiala
67%
65M Belgium Manchester City Jérémy Doku
67%
110M Portugal Paris Saint-Germain João Neves
67%
75M Brazil Chelsea João Pedro
67%
70M Croatia Manchester City Josko Gvardiol
67%
65M France Barcelona Jules Koundé
67%
90M Argentina Atletico Madrid Julián Álvarez
67%
70M Netherlands Arsenal Jurriën Timber
67%
75M Turkey Juventus Kenan Yildiz
67%
90M Georgia Paris Saint-Germain Khvicha Kvaratskhelia
67%
50M England Manchester United Kobbie Mainoo
67%
85M Argentina Inter Milan Lautaro Martínez
67%
60M Germany Bayern Munich Lennart Karl
67%
50M France Manchester United Leny Yoro
67%
70M Colombia Bayern Munich Luis Díaz
67%
65M England Manchester City Marc Guéhi
67%
65M Norway Arsenal Martin Ødegaard
67%
80M Spain Arsenal Martín Zubimendi
67%
55M England Olympique Marseille Mason Greenwood
67%
70M Brazil Manchester United Matheus Cunha
67%
140M France Bayern Munich Michael Olise
67%
65M Netherlands Tottenham Micky van de Ven
67%
55M Ghana Tottenham Mohammed Kudus
67%
110M Ecuador Chelsea Moisés Caicedo
67%
60M England Nottingham Forest Morgan Gibbs-White
67%
80M England Aston Villa Morgan Rogers
67%
50M Brazil Nottingham Forest Murillo
67%
65M Germany Newcastle Nick Woltemade
67%
65M Argentina Como Nico Paz
67%
55M Germany Borussia Dortmund Nico Schlotterbeck
67%
75M Portugal Paris Saint-Germain Nuno Mendes
67%
60M Egypt Manchester City Omar Marmoush
67%
60M Spain Atletico Madrid Pablo Barrios
67%
80M Spain Barcelona Pau Cubarsí
67%
60M Portugal Chelsea Pedro Neto
67%
80M England Manchester City Phil Foden
67%
65M Portugal AC Milan Rafael Leão
67%
80M Brazil Barcelona Raphinha
67%
65M France Manchester City Rayan Cherki
67%
60M England Chelsea Reece James
67%
60M Portugal Manchester City Rúben Dias
67%
90M Netherlands Liverpool Ryan Gravenberch
67%
80M Italy Newcastle Sandro Tonali
67%
60M Netherlands Manchester City Tijjani Reijnders
67%
65M England Real Madrid Trent Alexander-Arnold
67%
75M Nigeria Galatasaray Victor Osimhen
67%
65M Sweden Arsenal Viktor Gyökeres
67%
110M Portugal Paris Saint-Germain Vitinha
67%
60M France Paris Saint-Germain Warren Zaïre-Emery
67%
90M France Arsenal William Saliba
67%
70M Ecuador Paris Saint-Germain Willian Pacho
67%
75M Ivory Coast RB Leipzig Yan Diomande
67%
60M England Crystal Palace Adam Wharton
33%
50M France Lille Ayyoub Bouaddi
33%
55M Cameroon Brighton Carlos Baleba
33%
60M England Nottingham Forest Elliot Anderson
33%
55M France Stade Rennais Jérémy Jacquet
33%
60M Croatia Hamburger SV Luka Vuskovic
33%
50M France Monaco Maghnes Akliouche
33%
No matching quizzes found
Score Distribution
Percent of People with Each Score
Percentile by Number Answered
Your Score History
You have not taken this quiz since the last reset